Mejor educación para todos: programas compensatorios en educación de la República Argentina 1993-1998

שמור ב:
מידע ביבליוגרפי
מחבר תאגידי: Ministerio de Cultura y Educación (Author)
פורמט: ספר
שפה:ספרדית
יצא לאור: Buenos Aires Ministerio de Cultura y Educación 1998
נושאים:
תגים: הוספת תג
אין תגיות, היה/י הראשונ/ה לתייג את הרשומה!

MARC

LEADER 00000nam a2200000 a 4500
001 UCP6805
003 CL-VaPUC
008 991119e19980000AG |||||||||||||||||spa|d
082 0 4 |a 379.982  |b MIN  |2 21 
110 2 |a Ministerio de Cultura y Educación  |e author  |9 436100 
245 1 0 |a Mejor educación para todos: programas compensatorios en educación de la República Argentina 1993-1998 
300 |a 187 p 
942 |c BK 
945 |d 19991119 00:00:00  |a rbrito 
260 |a Buenos Aires  |b Ministerio de Cultura y Educación  |c 1998 
650 0 |a Calidad de la educación   |9 307271 
650 0 |a Educación básica   |9 224933 
650 0 |a Política educacional  |9 308011 
650 0 |a Educación rural   |9 308104 
651 0 |a Argentina  |9 254888 
583 |a last modification  |c 19991119 00:00:00  |k Rodrigo Vera 
999 |c 284240  |d 284238 
952 |0 0  |1 0  |4 0  |6 379_982000000000000_MIN_1998  |7 0  |8 P  |9 328089  |a BIBEDU  |b BIBEDU  |c BIBEDU_PB  |d 2019-11-20  |i 3575160  |o 379.982 MIN 1998  |p 3575160  |r 2024-01-25  |w 2019-11-20  |y BK  |k BME